000 00349nam a2200157Ia 4500
008 210210b1925 xxu||||| |||| 00| 0 eng d
041 _aeng
082 _a874/79
100 _a-
245 _aKalidasanam bhatutiyam
260 _a
_b-
_c1925
650 _aKalidasanam
650 _abhatutiyam
690 _aMalayalam Criticism
906 _a002661
999 _c124628
_d124628